LEADER 01383nam a2200289 u 4500 001 000000014050 003 CaOOAMICUS 005 20070226105723.0 008 940517s1955 it cf u000 u ita u 035 $a10333828 040 $aPUL(R)$bita 100 1 $aBraido, Pietro.$0(OLS)http://pul/name/5416 245 13$aIl sistema preventivo di Don Bosco /$cPietro Braido ; prefazione di D. Eugenio Ceria. 260 $aTorino :$bPontificio Ateneo Salesiano,$c1955. 300 $a461 [1] p. :$bant.(ritr.) ;$c24 cm 490 1 $aPubblicazioni dell'Istituto Superiore di Pedagogia; ;$v1 600 04$aIohannes Bosco,$cs.,$d1815-1888.$0(OLS)http://pul/subject/9970 650 4$aPedagogia$xMetodi.$0(OLS)http://pul/subject/7047 710 2 $aPontificio Ateneo salesiano.$bIstituto superiore di pedagogia.$0(OLS)http://pul/name/13083 830 0$aPubblicazioni dell'Istituto Superiore di Pedagogia;$v1.$0(OLS)http://pul/title/13524 850 $aPUL 852 $aPUL$W1$xDP1 Fondo Pastorale$y55$mP10 A 4$j19753$nBK-PRI$b $qFondi$B19753$CPULBib$Z2$F19753 $HPUL276 $81 941 1 $a1 960 $aGiovanni Bosco,$cs.,$d1815-1888$99970 960 $aBosco, Giovanni,$cs.,$d1815-1888$99970 996 $6245$aIl sistema preventivo di Don Bosco$9(OLS)http://pul/title/20228 996 $6260$aTorino :$bPontificio Ateneo Salesiano$9(OLS)http://pul/publisher/54242 LEADER 01157nam a2200265 u 4500 001 000000113227 003 CaOOAMICUS 005 20080929151305.0 008 080929s2008 it u000 u ita r 020 $z978-88-10-40495-9* 040 $aPUL$bita$dLDB 100 1 $aBompiani, Adriano.$0(OLS)http://pul/name/23482 245 10$aDichiarazioni anticipate di trattamento ed eutanasia :$brassegna del dibattito bioetico /$cAdriano Bompiani. 260 $aBologna :$bEDB,$cc2008. 300 $a237 p. ;$c22 cm 490 1 $aEtica teologica oggi ;$v44 504 $aBibliografia : p. 173-231. 650 4$aEutanasia.$0(OLS)http://pul/subject/13910 830 0$aEtica teologica oggi ;$v44.$0(OLS)http://pul/title/15062 850 $aPUL 852 $aPUL$W1$xSL Filosofia 3$y81$m179 BOMAD 1$j129378$qDDC 21$B128463$CPULBib$Z2$F128463 $H108270 $82 941 1 $a9 996 $6020$z978-88-10-40495-9*$9(OLS)http://pul/number/138674 996 $6245$aDichiarazioni anticipate di trattamento ed eutanasia :$brassegna del dibattito bioetico$9(OLS)http://pul/title/142285 996 $6260$aBologna :$bEDB$9(OLS)http://pul/publisher/56073